|
|
|
|
| LEADER |
01309nam a2200277 a 4500 |
| 001 |
GR-Patra517 |
| 008 |
991022s1980 gr 000 0 gre d |
| 040 |
|
|
|a GrPaTEI
|b gre
|c GR-PaULI
|
| 245 |
0 |
2 |
|a Ο Προφήτης.
|
| 260 |
|
|
|a Αθήνα :
|b Βασιλόπουλος,
|c 1980
|
| 300 |
|
|
|a 134σ.
|
| 500 |
|
|
|a Τίτλος πρωτοτύπου: The Prophet.
|
| 650 |
|
4 |
|a ΜΥΘΙΣΤΟΡΗΜΑ
|
| 650 |
|
4 |
|a ΜΥΘΙΣΤΟΡΗΜΑ
|
| 650 |
|
4 |
|a ΞΕΝΗ ΛΟΓΟΤΕΧΝΙΑ
|
| 650 |
|
4 |
|a ΞΕΝΗ ΛΟΓΟΤΕΧΝΙΑ
|
| 700 |
1 |
|
|a Gibran, Kahlil,
|d 1883-1931
|
| 700 |
1 |
|
|a Κονδύλης, Φώντας
|
| 700 |
1 |
|
|a Νικάκης, Κωστής
|
| 710 |
0 |
|
|a Βασιλόπουλος
|
| 942 |
|
|
|2 ddc
|
| 952 |
|
|
|0 0
|1 0
|2 ddc
|4 0
|6 Μ_GIB
|7 0
|9 281367
|a LISK
|b LISK
|c BSC
|d 2021-01-17
|e 24
|f 0
|g 0.00
|l 0
|o Μ GIB
|p 9241001701
|r 2021-01-17 00:00:00
|t 1
|w 2021-01-17
|y BK15
|x 19991024 0 1
|x GrPaTEI
|
| 952 |
|
|
|0 0
|1 0
|2 ddc
|4 0
|6 Μ_GIB
|7 0
|9 281368
|a LISK
|b LISK
|c BSC
|d 2021-01-17
|e 24
|f 0
|g 0.00
|l 0
|o Μ GIB
|p 9241001702
|r 2021-01-17 00:00:00
|t 1
|w 2021-01-17
|y BK15
|x 19991024 0 1
|x GrPaTEI
|
| 952 |
|
|
|0 0
|1 0
|2 ddc
|4 0
|6 Μ_GIB
|7 0
|9 281369
|a LISK
|b LISK
|c ALF
|d 2021-01-17
|e 24
|f 0
|g 0.00
|l 0
|o Μ GIB
|p 9241001700
|r 2021-01-17 00:00:00
|t 1
|w 2021-01-17
|y BK15
|x 19991024 0 1
|x GrPaTEI
|
| 971 |
|
|
|a .b2648013x
|b 16-04-20
|c 23-09-16
|
| 999 |
|
|
|c 163803
|d 163803
|